000 00333nam a22001457a 4500
008 211019b ||||| |||| 00| 0 eng d
020 _a9780716728320
041 _aeng
080 _23rd
_a540
082 _a540
100 _a12
101 _aKIM
245 _aChemistry Molecules, Matter, and Change
_cAtkins,P
942 _2udc
_cBK
999 _c58280
_d58280